<?xml version="1.0" encoding="UTF-8"?><?xml-stylesheet type="text/xsl" href="static/style.xsl"?><OAI-PMH xmlns="http://www.openarchives.org/OAI/2.0/" xmlns:xsi="http://www.w3.org/2001/XMLSchema-instance" xsi:schemaLocation="http://www.openarchives.org/OAI/2.0/ http://www.openarchives.org/OAI/2.0/OAI-PMH.xsd"><responseDate>2026-04-26T20:29:04Z</responseDate><request verb="GetRecord" identifier="oai:uvadoc.uva.es:10324/62363" metadataPrefix="marc">https://uvadoc.uva.es/oai/request</request><GetRecord><record><header><identifier>oai:uvadoc.uva.es:10324/62363</identifier><datestamp>2023-10-26T19:02:15Z</datestamp><setSpec>com_10324_38</setSpec><setSpec>col_10324_852</setSpec></header><metadata><record xmlns="http://www.loc.gov/MARC21/slim" xmlns:doc="http://www.lyncode.com/xoai" xmlns:xsi="http://www.w3.org/2001/XMLSchema-instance" xmlns:dcterms="http://purl.org/dc/terms/" xsi:schemaLocation="http://www.loc.gov/MARC21/slim http://www.loc.gov/standards/marcxml/schema/MARC21slim.xsd">
<leader>00925njm 22002777a 4500</leader>
<datafield tag="042" ind1=" " ind2=" ">
<subfield code="a">dc</subfield>
</datafield>
<datafield tag="720" ind1=" " ind2=" ">
<subfield code="a">Moral del Pozo, Sandra</subfield>
<subfield code="e">author</subfield>
</datafield>
<datafield tag="260" ind1=" " ind2=" ">
<subfield code="c">2023</subfield>
</datafield>
<datafield tag="520" ind1=" " ind2=" ">
<subfield code="a">Un campamento educativo es un recurso pedagógico a disposición de los docentes, que supone un desarrollo integral en el alumnado. A través del mismo, se consigue que experimenten vivencias que en un aula o un gimnasio de un centro escolar no se adquirirían de la misma manera.&#xd;
En dicho proyecto, podemos observar los beneficios para los participantes y los responsables del mismo, puesto que mejorarán su autonomía, madurez y crecimiento personal y social, gracias al entorno natural en el que se desarrolla.&#xd;
Este proyecto va destinado al alumnado de 4º de Educación Primaria de tres centros escolares. En él, vemos la justificación de lo que se pretende alcanzar, los objetivos y contenidos relacionados con el currículo de Educación Primaria y enfocándonos en el área de Educación Física</subfield>
</datafield>
<datafield tag="024" ind2=" " ind1="8">
<subfield code="a">https://uvadoc.uva.es/handle/10324/62363</subfield>
</datafield>
<datafield tag="245" ind1="0" ind2="0">
<subfield code="a">El campamento educativo en la educación física escolar</subfield>
</datafield>
</record></metadata></record></GetRecord></OAI-PMH>